| 000 | nam a22 a 4500 | ||
|---|---|---|---|
| 999 |
_c172759 _d172759 |
||
| 003 | BLK | ||
| 005 | 20221107152713.0 | ||
| 008 | 180411b bul|||||r ||||||| ||bul|| | ||
| 010 | _aKNG00181120000 | ||
| 040 | _aBLK | ||
| 041 |
_aBUL _cBUL |
||
| 080 |
_aПолитически и национални младежки движения _b329.78 _x-053.5 _z329.78-053.5 |
||
| 139 |
_aПионерска символика _bП 52 |
||
| 245 | 1 | 0 |
_aПионерска символика _bСб. от материали _cсъстав. Виолета Гатева; състав. Милка Делева. |
| 257 | _aBGR | ||
| 260 |
_aСофия _bНар. младеж _c1977 |
||
| 300 |
_a136 с. _bс ноти, 8 л. ил. _c20 см |
||
| 380 | _aDN | ||
| 500 | _aСмисъл и съдържание на пионерските символи: знаме, герб, пионерска връзка и др. - 15 141 тир. | ||
| 650 | 4 |
_aПионерски организации - България _9253268 |
|
| 653 | _aпионерски организации | ||
| 653 | _aсимволи | ||
| 700 | 1 |
_aГатева, Виолета _eсъстав. _9377185 |
|
| 700 | 1 |
_aДелева, Милка _eсъстав. _9339339 |
|
| 852 | _aЦб 109888 | ||
| 856 | 4 |
_qpdf _i0.00 _ldisable |
|
| 856 | 4 |
_qpdf _i0.00 _ldisable |
|
| 942 |
_cKNG _n0 _s1 |
||
| 944 |
_aCR _c07.09.2015 _kВаля_Йорданова |
||
| 944 |
_aED _c07.09.2015 _kВаля_Йорданова |
||
| 999 | _d172759 | ||